00329nam a2200133Ia 4500008004100000020001500041041001200056100001500068245004600083250000800129260004000137300000800177650001000185221030s9999 xx 000 0 und d a0070411832 aEnglish aH. Schildt 0aC : The Complete Referencecby H. Schildt a7th bMcGraw - Hill Pub.aNew Delhic2013 a805 aBb It